| 000 | 01434cam a2200385 a 4500 | ||
|---|---|---|---|
| 001 | 74473 | ||
| 003 | BJBSDDR | ||
| 005 | 20260514153040.0 | ||
| 007 | ta | ||
| 008 | 260514s1992 nyua 000 1 eng | ||
| 010 | _a 91045863 | ||
| 020 | _a0452268060 (pbk.) | ||
| 029 | 1 |
_aYDXCP _b408408 |
|
| 029 | 1 |
_aNZ1 _b3055855 |
|
| 035 | _a(OCoLC)ocm25025163 | ||
| 035 | _a(OCoLC)25025163 | ||
| 040 |
_aDLC _cDLC _dMRQ _dSVP _dIOU _dZQP _dOCLCQ _dBAKER _dRMC _dBTCTA _dYDXCP _dNSB _dJBO _dPFO _dNYP _beng |
||
| 041 | _aeng | ||
| 043 | _an-us--- | ||
| 050 | 1 | 4 |
_a118 PQ 7409 _bA473ho 1992 |
| 100 | 1 |
_aAlvarez, Julia, _d1950- _95686 |
|
| 245 | 1 | 0 |
_aHow the Garcia girls lost their accents / _cby Julia Alvarez. |
| 260 |
_aNew York : _bPlume Book, _c1992. |
||
| 300 |
_a290 pages ; _c21 cm. |
||
| 490 | 1 | _aPlume contemporary fiction | |
| 505 | 0 | _aAntojos -- The kiss -- The four girls -- Joe -- The Rudy Elmenhurst story -- A regular revolution -- Daughter of invention -- Trespass -- Snow -- Floor show -- Blood of the conquistadores -- The human body -- Still lives -- An American surprise -- The drum. | |
| 526 | 0 |
_aAccelerated Reader/Renaissance Learning _bUG _c6.2 _d13. |
|
| 650 | 4 |
_aLiteratura dominicana _92261 |
|
| 650 | 0 |
_aSisters _zUnited States _vFiction. |
|
| 650 | 0 |
_aDominican Americans _vFiction. |
|
| 655 | 7 |
_aShort stories. _2lcsh |
|
| 830 | 0 |
_aPlume contemporary fiction _948458 |
|
| 942 |
_2lcc _cBK |
||
| 946 | _aRCH | ||
| 999 |
_c127099 _d127099 |
||